Comparative research: persistent problems and promising solutions /
Tras definir la investigación comparativa, este artículo perfila algunos de sus problemas centrales: 1. la selección de los casos, unidades, nivel y escala de análisis, 2. la construcción de la equivalencia, 3. orientación hacia las variables o hacia los casos y, 4. la causalidad. La discusión termi...
שמור ב:
| מחבר ראשי: | |
|---|---|
| מחברים אחרים: | , |
| פורמט: | Texto |
| נושאים: | |
| תגים: |
הוספת תג
אין תגיות, היה/י הראשונ/ה לתייג את הרשומה!
|
MARC
| LEADER | 00000 a a2200000 04500 | ||
|---|---|---|---|
| 001 | 8833 | ||
| 003 | |||
| 040 | |||
| 100 | |a Mills, Melinda | ||
| 245 | |a Comparative research: |b persistent problems and promising solutions / |c Melinda Mills ; Gerhard Van de Bunt ; Jeanne de Bruijn | ||
| 500 | |a Resumen también en francés y español pp 767 | ||
| 520 | |a Tras definir la investigación comparativa, este artículo perfila algunos de sus problemas centrales: 1. la selección de los casos, unidades, nivel y escala de análisis, 2. la construcción de la equivalencia, 3. orientación hacia las variables o hacia los casos y, 4. la causalidad. La discusión termina con una breve introducción de los artículos críticos e innovadores dentro de este volumen especial que no solo tratan estos problemas, sino que también presentan soluciones prometedoras | ||
| 650 | |a INVESTIGACION SOCIAL | ||
| 650 | |a METODOLOGIA | ||
| 650 | |a SOCIOLOGIA | ||
| 650 | |a ANALISIS COMPARATIVO | ||
| 700 | |a Van de Bunt, Gerhard | ||
| 700 | |a Bruijn, Jeanne de | ||
| 773 | |g volumen 21, número 5; páginas 619-631 | ||
| 999 | |c 37057 |d 37057 | ||
